000 00678nam a22002172 4500
001 0000003947
005 20151217145746.0
008 070517s xx 000 0 eng d
020 _a0071137122 :
_cKES 1,800
040 _aKABU
_cKABU
050 0 _aQA76
_b.F86 1995
245 1 0 _aFundamentals of computing 1. :
_blogic, problem solving, programs and computers /
_cAllen B. Tucker ... [et al.]
250 _aC++ ed.
260 _aSingapore :
_bMcGraw-Hill,
_c1995.
300 _axxii, 494 p.
650 0 _aComputer science.
_@0000058480
700 1 _aTucker, Allen B.
_@0000154222
908 _a070517
950 _@1
999 _c2326
_d2326